The Next One Hundred Years: Shaping the Fate of Our Living Earth / (Record no. 617010)

000 -LEADER
fixed length control field 00430nam a22001457a 4500
020 ## - INTERNATIONAL STANDARD BOOK NUMBER
Qualifying information PB.
040 ## - CATALOGING SOURCE
Transcribing agency FIZZA ISHAQ
082 ## - DEWEY DECIMAL CLASSIFICATION NUMBER
Classification number 333.951
Author Mark WEI
100 ## - MAIN ENTRY--PERSONAL NAME
Personal name Weiner , Jonathan.
9 (RLIN) 134080
245 ## - TITLE STATEMENT
Title The Next One Hundred Years: Shaping the Fate of Our Living Earth /
Statement of responsibility, etc. Jonathan Weiner.
250 ## - EDITION STATEMENT
Edition statement ‎ First Edition.
260 ## - PUBLICATION, DISTRIBUTION, ETC.
Place of publication, distribution, etc. New York:
Name of publisher, distributor, etc. Bantam,
Date of publication, distribution, etc. 1990.
300 ## - PHYSICAL DESCRIPTION
Extent 312 P. ;
Dimensions 6.5 x 1.15 x 9.5 inches
942 ## - ADDED ENTRY ELEMENTS (KOHA)
Source of classification or shelving scheme
Koha item type Book
Holdings
Withdrawn status Lost status Source of classification or shelving scheme Damaged status Not for loan Permanent Location Current Location Shelving location Date acquired Total Checkouts Full call number Barcode Date last seen Price effective from Koha item type
          NUST Baluchistan Campus (NBC) NUST Baluchistan Campus (NBC) General Stacks 04/13/2026   333.951 WEI QD-950 04/13/2026 04/13/2026 Book
© 2023 Central Library, National University of Sciences and Technology. All Rights Reserved.